Catalog

Record Details

Catalog Search



Duchovní odkaz husitství  Cover Image Book Book

Duchovní odkaz husitství / Kamil Krofta ; sestavil Josef Borovička, předmluva: Zdeněk Nejedlý

Krofta, Kamil (Author). Borovička, Josef (Added Author). Nejedlý, Zdeněk (Added Author).

Record details

  • Physical Description: 292 s.
  • Publisher: Praha Nakladatelství Svoboda 1946

Available copies

  • 1 of 1 copy available at Common Catalog SPOK.

Holds

  • 0 current holds with 1 total copy.
Show Only Available Copies
Location Call Number / Copy Notes Barcode Shelving Location Status Due Date
ETS Library 284.3 424470002548 Volný výběr Available -

LDR 00748nam a2 00253
00142597
003CZ-PrJAB
00520040311000000.0
008030506s1946 xr e |||| |cze
009cz
035 . ‡a(CONS)2204
035 . ‡aKPS4060
041 . ‡acze
08214. ‡a284.3
100 . ‡71779 ‡aKrofta, Kamil
245 . ‡aDuchovní odkaz husitství / ‡cKamil Krofta ; sestavil Josef Borovička, předmluva: Zdeněk Nejedlý
260 . ‡aPraha ‡bNakladatelství Svoboda ‡c1946
300 . ‡a292 s.
490 . ‡aKulturní obzory ‡vSv. 2.
653 . ‡aDuchovní odkaz husitství
700 . ‡75535 ‡aBorovička, Josef
700 . ‡71849 ‡aNejedlý, Zdeněk
8524 . ‡bETS ‡bETS ‡cVolný výběr ‡j284.3 ‡gA ‡p424470002548
910 . ‡aABG450
999 . ‡a2204 ‡bAUTOGEN ‡c2204 ‡tbiblio
905 . ‡uadmin
901 . ‡a42597 ‡b ‡c42597 ‡tbiblio ‡sets

Additional Resources